000 01054nas a2200349 4500
001 BR2013004917
003 BR-BrBNA
005 20231205122522.0
007 ta
008 230509b bl.|||p| |||| 00| 00por d
040 _aBR-BrBNA
_bpor
_cBiblioteca Nacional de Agricultura
041 _a(Pt)
072 _aH20
100 1 _aMarchi, C.E.
100 1 _aFernandes, C.D.
100 1 _aGuimarães, L.R. de A.
100 1 _aFabris, L.R.
100 1 _aBorges, M. de F.
100 1 _aTrentin, R.A.
100 1 _aJerba, V. de F.
245 1 _aAtividade pectinolítica de Colletotrichum gloeosporioides e a relação com a agressividade ao Stylosanthes spp.
650 _aSTILOSANTE
650 _aLEGUMINOSA FORRAGEIRA
650 _aANTRACNOSE
650 _aDOENÇA FÚNGICA
650 _aPECTINA
650 _aCOLLETOTRICHUM GLOESPORIOIDES
650 _aENZIMA
773 0 _tBragantia (Brazil)
_xISSN 0006-8705
_g(Abr-Jun 2009), v. 68(2) p. 423-433
_wBR2013004917
909 _a202311
_bLúcia
_c55
_dLúcia Elande
942 _2AGRIS
_n0
_cANA
999 _c229076
_d229076